Report of the committee on agricultural production, Madras (Record no. 508612)

000 -LEADER
fixed length control field 00298nam a22000977a 4500
082 ## - DEWEY DECIMAL CLASSIFICATION NUMBER
Classification number Z2x5452 M267a
100 ## - MAIN ENTRY--PERSONAL NAME
Personal name Bhaktavatsalam, M.
9 (RLIN) 4051
245 ## - TITLE STATEMENT
Title Report of the committee on agricultural production, Madras
Statement of responsibility, etc by M. Bhaktavatsalam
260 ## - PUBLICATION, DISTRIBUTION, ETC. (IMPRINT)
Place of publication, distribution, etc Madras
Name of publisher, distributor, etc Government of Madras
Date of publication, distribution, etc 1959
300 ## - PHYSICAL DESCRIPTION
Extent 260p.
Holdings
Withdrawn status Lost status Source of classification or shelving scheme Damaged status Koha normalized classification for sorting Not for loan Permanent location Current location Date acquired Full call number Barcode Date last seen Price effective from Koha item type
        Z_2X5452_M267A   Indian Institute of Public Administration Indian Institute of Public Administration 2019-04-03 Z2x5452 M267a GG33403 2019-04-03 2019-04-03 GG

Powered by Koha